[Event "ESP-ch U18"]
[Site "Salobrena"]
[Date "2019.07.24"]
[Round "4"]
[White "Wang Qiu, Laura"]
[Black "Navio Lopez, Manuel Alberto"]
[Result "1-0"]
[WhiteElo "1647"]
[BlackElo "1929"]
[PlyCount "87"]
[EventDate "2019.07.22"]
[EventType "swiss"]
[EventRounds "9"]
[EventCountry "ESP"]
[SourceTitle "CBM 191 Extra"]
[Source "ChessBase"]
[SourceDate "2019.09.30"]
[SourceVersion "1"]
[SourceVersionDate "2019.09.30"]
[SourceQuality "1"]

1. e4 d6 2. d4 g6 3. f4 Bg7 4. h3 h5 5. Nf3 Nf6 6. Nc3 0-0 7. Bc4 e6 8. e5 Nfd7 9. Be3 d5 10. Bd3 b6 11. Ne2 c5 12. c3 Nc6 13. Qd2 Na5 14. b3 c4 15. Bc2 cxb3 16. axb3 Ba6 17. g4 hxg4 18. hxg4 Qc7 19. Ng3 Rfc8 20. c4 dxc4 21. b4 Bb7 22. bxa5 Bxf3 23. Rh4 Rd8 24. Qh2 Qc6 25. Kf2 b5 26. f5 exf5 27. gxf5 Nxe5 28. dxe5 Bxe5 29. Re1 b4 30. fxg6 fxg6 31. Qh3 Rf8 32. Kg1 Rae8 33. Rh6 Re6 34. Bf2 Bxg3 35. Qxg3 Rxe1+ 36. Bxe1 Rf6 37. Qh4 Bh5 38. Qg3 b3 39. Qb8+ Rf8 40. Rh8+ Kxh8 41. Qxf8+ Kh7 42. Qf7+ Kh6 43. Bd2+ g5 44. Qh7# 1-0

[Event "ESP-ch U18"]
[Site "Salobrena"]
[Date "2019.07.23"]
[Round "3"]
[White "Navio Lopez, Manuel Alberto"]
[Black "He, Hao Jue"]
[Result "0-1"]
[WhiteElo "1929"]
[BlackElo "1676"]
[PlyCount "52"]
[EventDate "2019.07.22"]
[EventType "swiss"]
[EventRounds "9"]
[EventCountry "ESP"]
[SourceTitle "CBM 191 Extra"]
[Source "ChessBase"]
[SourceDate "2019.09.30"]
[SourceVersion "1"]
[SourceVersionDate "2019.09.30"]
[SourceQuality "1"]

1. Nf3 Nf6 2. b3 b6 3. Bb2 Bb7 4. e3 e6 5. Be2 Be7 6. 0-0 0-0 7. c4 c5 8. d4 d5 9. Ne5 Nbd7 10. Nd2 Ne4 11. f3 Nxd2 12. Qxd2 cxd4 13. exd4 Nxe5 14. dxe5 dxc4 15. Qxd8 Rfxd8 16. Bxc4 Bc5+ 17. Kh1 Bd4 18. Rab1 Bxb2 19. Rxb2 Bd5 20. Bd3 Bb7 21. Bb1 Rac8 22. f4 Kf8 23. f5 exf5 24. Bxf5 Rc5 25. Re1 Rxe5 26. Rf1 Rxf5 0-1

[Event "Puerto del Rosario op U2300 "]
[Site "Puerto del Rosario"]
[Date "2018.09.28"]
[Round "3"]
[White "Mendez Acosta, Alexander Jesus"]
[Black "Navio Lopez, Manuel Alberto"]
[Result "1/2-1/2"]
[WhiteElo "2002"]
[BlackElo "1926"]
[PlyCount "117"]
[EventDate "2018.09.27"]
[EventType "swiss"]
[EventRounds "7"]
[EventCountry "ESP"]
[SourceTitle "CBM 187 Extra"]
[Source "ChessBase"]
[SourceDate "2018.11.04"]
[SourceVersion "1"]
[SourceVersionDate "2018.11.04"]
[SourceQuality "1"]

1. Nf3 g6 2. c4 Bg7 3. Nc3 Nf6 4. d4 0-0 5. e4 d6 6. Bd3 Nbd7 7. 0-0 e5 8. d5 a5 9. h3 h6 10. Be3 Nh5 11. Qd2 Kh7 12. g4 Qf6 13. Ne1 Nf4 14. Kh2 Nc5 15. f3 Qh4 16. Bxf4 exf4 17. Qf2 Qe7 18. Bc2 a4 19. a3 Bd7 20. Nd3 Nxd3 21. Bxd3 Rfb8 22. Rac1 c6 23. Rfd1 Be5 24. Rb1 Qf6 25. Qd2 h5 26. Kg2 Bd4 27. dxc6 bxc6 28. Bc2 Be5 29. c5 hxg4 30. hxg4 Bxg4 31. fxg4 f3+ 32. Kf2 Qh4+ 33. Ke3 Qxg4 34. Rh1+ Kg7 35. Rbg1 Bg3 36. Qd4+ f6 37. Qxd6 Qg5+ 38. Kxf3 Bxd6 39. Rxg5 Rxb2 40. Rg2 Be5 41. Nd1 Ra2 42. Rd2 Rxa3+ 43. Ke2 Kf7 44. Rd7+ Ke6 45. Rhh7 Re8 46. Ra7 Bd4 47. Rhc7 Bxc5 48. Rxc6+ Bd6 49. Rxa4 Rxa4 50. Bxa4 Rd8 51. Ne3 Kf7 52. Bb3+ Kg7 53. Kf3 Be5 54. Bd5 Rd7 55. Rb6 Bd4 56. Rb7 Rxb7 57. Bxb7 f5 58. exf5 Bxe3 59. fxg6 1/2-1/2

[Event "Lanzarote op"]
[Site "Lanzarote"]
[Date "2018.06.28"]
[Round "7"]
[White "Fuentes Perez, Noe"]
[Black "Navio Lopez, Manuel Alberto"]
[Result "1-0"]
[WhiteElo "1852"]
[BlackElo "1918"]
[PlyCount "40"]
[EventDate "2018.06.25"]
[EventType "swiss"]
[EventRounds "9"]
[EventCountry "ESP"]
[SourceTitle "CBM 185 Extra"]
[Source "ChessBase"]
[SourceDate "2018.07.29"]
[SourceVersion "1"]
[SourceVersionDate "2018.07.29"]
[SourceQuality "1"]

1. b3 Nf6 2. Bb2 e6 3. e3 b6 4. Nf3 Bb7 5. Be2 c5 6. 0-0 Be7 7. d4 0-0 8. c4 d5 9. Nc3 Nbd7 10. Rc1 a6 11. cxd5 Nxd5 12. Nxd5 Bxd5 13. Nd2 Nf6 14. Bf3 Rc8 15. Qe2 b5 16. Rfd1 Qb6 17. dxc5 Bxc5 18. Bxf6 gxf6 19. Bxd5 exd5 20. b4 Be7 1-0

[Event "Canarias-ch U18"]
[Site "Santa Cruz de Tenerife"]
[Date "2018.05.11"]
[Round "3"]
[White "Reyes Lopez, Angel"]
[Black "Navio Lopez, Manuel Alberto"]
[Result "0-1"]
[WhiteElo "1846"]
[BlackElo "1832"]
[PlyCount "138"]
[EventDate "2018.05.10"]
[EventType "swiss"]
[EventRounds "6"]
[EventCountry "ESP"]
[SourceTitle "EXT 2022"]
[Source "ChessBase"]
[SourceDate "2021.10.06"]
[SourceVersion "1"]
[SourceVersionDate "2021.10.06"]
[SourceQuality "1"]

1. e4 c5 2. Nf3 Nc6 3. d4 cxd4 4. Nxd4 e5 5. Nb5 a6 6. Nd6+ Bxd6 7. Qxd6 Qf6 8. Qxf6 Nxf6 9. Nc3 Nb4 10. Kd2 d5 11. exd5 Bf5 12. Bd3 Nxd3 13. cxd3 0-0-0 14. Re1 Rhe8 15. Re3 Nxd5 16. Nxd5 Rxd5 17. Ke2 Red8 18. Rg3 Bxd3+ 19. Ke1 g6 20. Bg5 R8d6 21. Rh3 h5 22. g4 f6 23. Be3 hxg4 24. Rh7 Rc6 25. Rh8+ Kc7 26. Rh7+ Rd7 27. Rxd7+ Kxd7 28. Rc1 Rxc1+ 29. Bxc1 Kd6 30. Kd2 e4 31. Ke3 Ke5 32. Bd2 g5 33. Bc3+ Ke6 34. Kd4 f5 35. Ba5 f4 36. Bd8 Kf5 37. a3 Bb1 38. Bc7 Kg6 39. Kc3 Kh5 40. Kd2 Bd3 41. Bd6 Kh4 42. Be7 Kh3 43. Bxg5 e3+ 44. Ke1 Kg2 45. fxe3 g3 46. Bxf4 gxh2 47. Bxh2 Kxh2 48. Kd2 Be4 49. Kc3 Kg3 50. Kd4 Kf3 51. b4 Bc6 52. Kd3 Kg4 53. Kc3 Kf3 54. Kd3 Kg4 55. Kc4 Kf5 56. Kd4 Ke6 57. Kc5 Kd7 58. Kb6 Kc8 59. Kc5 Kc7 60. e4 Bxe4 61. b5 axb5 62. Kxb5 Bc6+ 63. Kc5 Ba4 64. Kb4 b5 65. Kc5 Kb7 66. Kd6 Kb6 67. Kd5 Bb3+ 68. Kd4 Ka5 69. Kc3 Ka4 0-1

[Event "Las Palmas Montalvo Memorial 11th"]
[Site "Las Palmas"]
[Date "2018.03.25"]
[Round "2"]
[White "Navio Lopez, Manuel Alberto"]
[Black "Monteiro Rodrigues, Carlos"]
[Result "1-0"]
[WhiteElo "1715"]
[BlackElo "1368"]
[PlyCount "57"]
[EventDate "2018.03.24"]
[EventType "swiss"]
[EventRounds "9"]
[EventCountry "ESP"]
[SourceTitle "CBM 183 Extra"]
[Source "ChessBase"]
[SourceDate "2018.04.19"]
[SourceVersion "1"]
[SourceVersionDate "2018.04.19"]
[SourceQuality "1"]

1. d4 e5 2. dxe5 Nc6 3. Nf3 d6 4. exd6 Bxd6 5. Nc3 Bg4 6. e3 Nf6 7. Be2 0-0 8. 0-0 a6 9. h3 Bh5 10. b3 Qe7 11. Bb2 Rad8 12. Qc1 Bxf3 13. Bxf3 Qe5 14. g3 Qf5 15. Bg2 Rfe8 16. Rd1 Ne5 17. f4 Nc6 18. Re1 Bc5 19. Kh2 h5 20. e4 Qh7 21. Bf3 Nd4 22. Kg2 Nxf3 23. Kxf3 c6 24. Re2 Bb4 25. Qe1 Qg6 26. a3 Bc5 27. Rd1 Bb6 28. f5 Qg5 29. Bc1 1-0

[Event "Canarias-ch U16"]
[Site "San Bartolome de Tirajana"]
[Date "2015.04.12"]
[Round "7"]
[White "Abderrahaman, Nadia"]
[Black "Navio Lopez, Manuel Alberto"]
[Result "1-0"]
[WhiteElo "1224"]
[BlackElo "1178"]
[PlyCount "97"]
[EventDate "2015.04.10"]
[EventType "swiss"]
[EventRounds "7"]
[EventCountry "ESP"]
[SourceTitle "EXT 2024"]
[Source "ChessBase"]
[SourceDate "2023.10.10"]
[SourceVersion "1"]
[SourceVersionDate "2023.10.10"]
[SourceQuality "1"]

1. e4 d5 2. e5 e6 3. d4 c5 4. Be3 Qc7 5. Nc3 a6 6. Nf3 Nd7 7. Be2 cxd4 8. Bxd4 Bc5 9. Qd2 Qb6 10. Na4 Qa7 11. Nxc5 Nxc5 12. Qa5 b6 13. Qc3 Bd7 14. b3 Ne4 15. Qe3 Rb8 16. c4 Ne7 17. a4 Nc6 18. a5 Nb4 19. Rc1 Qb7 20. Bxb6 Rc8 21. 0-0 0-0 22. cxd5 exd5 23. Rfd1 Na2 24. Ra1 Nac3 25. Rdc1 Nxe2+ 26. Qxe2 Bg4 27. Qe3 Bxf3 28. gxf3 Qe7 29. fxe4 d4 30. Bxd4 h6 31. Rc3 Rxc3 32. Qxc3 Qg5+ 33. Qg3 Qd2 34. Be3 Qc3 35. Rc1 Qxa5 36. Bxh6 g6 37. Bxf8 Kxf8 38. Rc8+ Kg7 39. Qc3 Qb6 40. e6+ Kh6 41. e7 Qe6 42. e8R Qg4+ 43. Qg3 Qd1+ 44. Kg2 Qd7 45. Rh8+ Kg7 46. Qe5+ f6 47. Rcg8+ Kf7 48. Qd5+ Ke7 49. Rh7# 1-0